The C programming language /
Guardado en:
| Autor Principal: | |
|---|---|
| Otros Autores: | |
| Formato: | Libro |
| Idioma: | English |
| Publicado: |
Englewood Cliffs, N.J. :
Prentice-Hall,
c1978.
|
| Series: | Prentice-Hall software series
|
| Materias: | |
| Etiquetas: |
Agregar Etiqueta
Sin Etiquetas, Sea el primero en etiquetar este registro!
|
| LEADER | 00660cam a2200205 a 4500 | ||
|---|---|---|---|
| 001 | MAT.inmabb002679 | ||
| 008 | 780103s1978####nju###########001#0#eng## | ||
| 005 | 20160607164134.0 | ||
| 245 | 1 | 4 | |a The C programming language / |c Brian W. Kernighan, Dennis M. Ritchie. |
| 260 | |a Englewood Cliffs, N.J. : |b Prentice-Hall, |c c1978. | ||
| 300 | |a x, 228 p. ; |c 24 cm. | ||
| 440 | 0 | |a Prentice-Hall software series | |
| 020 | |a 0131101633 | ||
| 100 | 1 | |a Kernighan, Brian W. | |
| 700 | 1 | |a Ritchie, Dennis M., |d 1941- | |
| 650 | 0 | |a C (Computer program language) | |
| 084 | |a 68N15 |2 msc2000 | ||
| 010 | |a 77028983 | ||
| 040 | |a DLC |c DLC |d DLC | ||
| 859 | |h 68 |i K39 |p A-5117 |b BIB. MATEMATICA | ||
